00957nam a22002177a 4500003000900000008004100009040007100050082002900121100003900150245009600189260009200285300006800377505011900445650002800564650001300592650003100605650002400636650001500660650001700675710004700692AR-CdUCM190405b ||||| |||| 00| 0 spa d aMUNICIPALIDAD PROVINCIAL DEL CUSCOcBIBLIOTECA MUNICIPAL DEL CUSCO a398.265/H83bH8321a ed. aHuamaní Rodríguez, Gary Indrid aSeñores del Cusco /cGary Ingrid Huamaní Rodríguez, Samuel Castro yrrazábal, textos aCusco :bCaja Municipal de Ahorros y Crédito Cusco,bEditores Generales Cusco,c2017. a147, [5] páginas. :bil. (principalmente col.) ;c25 x 31 cm. aContenido: El Señor de Qoyllorit´i -- El Señor de Huanca -- El Taytacha de los Temblores -- Las Santas Cruces aFestividades religiosas aFolclore aVida y costumbres sociales aLibros de láminas aCostumbres aFestividades aCaja Municipal de Ahorro y Crédito Cusco